Tatort Episodenliste (2010-2020) - Statistiken

Allgemein
  • Dieses Quiz wurde 50 mal gespielt
  • Das Durchschnittsergebnis liegt bei 22 aus 364
Antwortstatistiken
Jahr Nummer Stadt Name % Korrekt
2018 1042 Ludwigshafen Kopper
57%
2013 883 Münster Die chinesische Prinzessin
50%
2013 861 Konstanz Die schöne Mona ist tot
50%
2015 949 Münster Erkläre Chimäre
50%
2015 960 Konstanz Côte d'Azur
43%
2017 1017 Münster Fangschuss
43%
2016 971 Konstanz Rebecca
43%
2015 961 Münster Schwanensee
43%
2011 820 Hannover Schwarze Tiger, weiße Löwen
43%
2017 1027 Stuttgart Stau
43%
2010 751 Frankfurt am Main Weil sie böse sind
43%
2018 1070 Bremen Blut
36%
2016 986 Münster Ein Fuß kommt selten allein
36%
2019 1088 Münster Spieglein, Spieglein
36%
2015 963 Hannover Spielverderber
36%
2016 1000 Kiel + Hannover Taxi nach Leipzig
36%
2012 853 Hannover Wegwerfmädchen
36%
2010 772 Konstanz Bluthochzeit
29%
2014 906 Kiel Borowski und das Meer
29%
2017 1034 Hannover Der Fall Holdt
29%
2010 753 Konstanz Der Polizistinnenmörder
29%
2019 1109 Ludwigshafen Die Pfalz von oben
29%
2015 934 Köln Freddy tanzt
29%
2012 835 Leipzig + Köln Ihr Kinderlein kommet
29%
2012 826 Konstanz Schmuggler
29%
2013 867 Münster Summ, Summ, Summ
29%
2019 1113 Münster Väterchen Frost
29%
2012 842 Kiel Borowski und der stille Gast
21%
2012 851 Münster Das Wunder von Wolbeck
21%
2014 895 Köln Franziska
21%
2015 942 Hamburg Frohe Ostern, Falke
21%
2018 1068 Wien Her mit der Marie!
21%
2014 920 Wiesbaden Im Schmerz geboren
21%
2018 1069 München KI
21%
2012 834 Leipzig Kinderland
21%
2012 845 Konstanz Nachtkrapp
21%
2016 985 Köln Narben
21%
2019 1100 Dresden Nemesis
21%
2010 775 Münster Spargelzeit
21%
2017 1011 Köln Tanzmariechen
21%
2011 793 Wien Vergeltung
21%
2014 922 Berlin Vielleicht
21%
2017 1026 Wien Virus
21%
2013 865 Hamburg Willkommen in Hamburg
21%
2019 1089 Köln Bombengeschäft
14%
2015 933 Kiel Borowski und der Himmel über Kiel
14%
2015 964 Kiel Borowski und die Rückkehrdes stillen Gastes
14%
2019 1094 Frankfurt am Main Das Monster von Kassel
14%
2019 1092 Dresden Das Nest
14%
2010 778 Hannover Der letzte Patient
14%
2015 956 München Die letzte Wiesn
14%
2010 773 Berlin Die Unmöglichkeit, sich denTod vorzustellen
14%
2016 990 Köln Durchgedreht
14%
2016 994 Münster Feierstunde
14%
2014 904 Leipzig Frühstück für immer
14%
2010 769 Wien Glaube, Liebe, Tod
14%
2016 991 Stuttgart HAL
14%
2013 888 Stuttgart Happy Birthday, Sarah
14%
2016 1005 München Klingelingeling
14%
2015 966 Ludwigshafen LU
14%
2016 982 München Mia san jetz da wo's weh tut
14%
2013 887 Hamburg Mord auf Langeoog
14%
2011 794 Hannover Mord in der ersten Liga
14%
2014 917 Münster Mord ist die beste Medizin
14%
2019 1084 Wiesbaden Murot und das Murmeltier
14%
2017 1016 Köln Nachbarn
14%
2010 784 München Nie wieder frei sein
14%
2010 761 Kiel Tango für Borowski
14%
2011 809 Ludwigshafen Tod einer Lehrerin
14%
2018 1062 Hamburg Tschiller: Off Duty
14%
2010 781 Wiesbaden Wie einst Lilly
14%
2018 1073 München Wir kriegen euch alle
14%
2014 902 Wien Abgründe
7%
2018 1056 Hamburg Alles was Sie sagen
7%
2011 808 Köln Altes Eisen
7%
2017 1018 Nürnberg Am Ende geht man nackt
7%
2019 1095 Stuttgart Anne und der Tod
7%
2011 811 Köln Auskreuzung
7%
2017 1012 Ludwigshafen Babbeldasch
7%
2018 1044 Köln Bausünden
7%
2017 1025 Kiel Borowski und das Fest des Nordens
7%
2018 1049 Kiel Borowski und das Land zwischen den Meeren
7%
2013 873 Kiel Borowski und der brennendeMann
7%
2015 941 Kiel Borowski und die Kindervon Gaarden
7%
2010 777 Kiel Borowski und eine Frage von reinem Geschmack
7%
2017 1037 Hamburg Böser Boden
7%
2011 819 Wiesbaden Das Dorf
7%
2014 894 Frankfurt am Main Der Eskimo
7%
2014 905 Köln Der Fall Reinhardt
7%
2010 763 Münster Der Fluch der Mumie
7%
2014 907 Münster Der Hammer
7%
2019 1078 Weimar Der höllische Heinz
7%
2011 788 Konstanz Der schöne Schein
7%
2012 829 München Der traurige König
7%
2017 1040 Weimar Der wüste Gobi
7%
2015 944 Köln Dicker als Wasser
7%
2012 837 Hamburg Die Ballade von Cenk und Valerie
7%
2019 1096 München Die ewige Welle
7%
2016 983 Frankfurt am Main Die Geschichte vom bösen Friedrich
7%
2015 932 Ludwigshafen Die Sonne stirbt wie ein Tier
7%
2017 1039 Hamburg Dunkle Zeit
7%
2011 796 Berlin Edel sei der Mensch und gesund
7%
2011 818 München Ein ganz normaler Fall
7%
2012 841 Köln Fette Hunde
7%
2013 872 Hamburg Feuerteufel
7%
2019 1087 Freiburg im Breisgau Für immer und dich
7%
2013 879 Luzern Geburtstagskind
7%
2017 1036 Münster Gott ist auch nur ein Mensch
7%
2015 938 Wien Grenzfall
7%
2012 831 Münster Hinkebein
7%
2010 764 Berlin Hitchcock und Frau Wernicke
7%
2010 759 Köln Kaltes Herz
7%
2019 1098 Köln Kaputt
7%
2016 977 Köln Kartenhaus
7%
2012 823 Köln Keine Polizei
7%
2010 752 Köln Klassentreffen
7%
2019 1107 Münster Lakritz
7%
2017 1024 Dresden Level X
7%
2019 1102 Ludwigshafen Maleficius
7%
2013 860 Saarbrücken Melinda
7%
2014 911 Köln Ohnmacht
7%
2015 957 Hamburg Verbrannt
7%
2010 760 Hamburg Vergissmeinnicht
7%
2017 1007 Köln Wacht am Rhein
7%
2014 918 Köln Wahre Liebe
7%
2014 927 Saarbrücken Weihnachtsgeld
7%
2018 1059 Dresden Wer jetzt allein ist
7%
2016 989 Berlin Wie - Ihr - Sie
7%
2016 1002 Konstanz Wofür es sich zu leben lohnt
7%
2019 1081 Dortmund Zorn
7%
2016 980 Hamburg Zorn Gottes
7%
2010 758 Leipzig Absturz
0%
2014 897 Saarbrücken Adams Alptraum
0%
2014 912 Bremen Alle meine Jungs
0%
2012 833 Berlin Alles hat seinen Preis
0%
2013 890 München Allmächtig
0%
2012 844 Dortmund Alter Ego
0%
2014 910 München Am Ende des Flurs
0%
2010 770 Frankfurt am Main Am Ende des Tages
0%
2017 1023 Berlin Amour fou
0%
2013 881 Wien Angezählt
0%
2019 1105 Wiesbaden Angriff auf Wache 08
0%
2015 962 Berlin Ätzend
0%
2016 978 Dresden Auf einen Schlag
0%
2014 898 Dortmund Auf ewig Dein
0%
2017 1035 Dresden Auge um Auge
0%
2013 884 München Aus der Tiefe der Zeit
0%
2011 802 Wien Ausgelöscht
0%
2019 1099 Luzern Ausgezählt
0%
2019 1110 Wien Baum fällt
0%
2015 967 Köln Benutzt
0%
2014 921 Ludwigshafen Blackout
0%
2010 762 Stuttgart Blutgeld
0%
2015 936 Leipzig Blutschuld
0%
2017 1015 Kiel Borowski und das dunkle Netz
0%
2019 1086 Kiel Borowski und das Glück der Anderen
0%
2019 1112 Kiel Borowski und das Haus am Meer
0%
2018 1065 Kiel Borowski und das Haus der Geister
0%
2016 999 Kiel Borowski und das verloreneMädchen
0%
2011 816 Kiel Borowski und der coole Hund
0%
2013 892 Kiel Borowski und der Engel
0%
2012 846 Kiel Borowski und der freie Fall
0%
2010 785 Kiel Borowski und der vierte Mann
0%
2011 812 Kiel Borowski und die Frauam Fenster
0%
2014 901 Bremen Brüder
0%
2015 935 Konstanz Château Mord
0%
2018 1075 Freiburg im Breisgau Damian
0%
2011 813 Stuttgart Das erste Opfer
0%
2012 854 Hannover Das goldene Band
0%
2015 937 Frankfurt am Main Das Haus am Ende der Straße
0%
2019 1108 Berlin Das Leben nach dem Tod
0%
2015 940 Berlin Das Muli
0%
2016 988 Nürnberg Das Recht, sich zu sorgen
0%
2011 814 Konstanz Das schwarze Haus
0%
2014 928 München Das verkaufte Lächeln
0%
2019 1083 Göttingen Das verschwundene Kind
0%
2015 930 Wien Deckname Kidon
0%
2017 1038 Berlin Dein Name sei Harbinger
0%
2018 1045 Dresden Déjà-vu
0%
2019 1106 Luzern Der Elefant im Raum
0%
2016 969 Hamburg Der große Schmerz
0%
2019 1093 Berlin Der gute Weg
0%
2015 943 Nürnberg Der Himmel ist ein Platzauf Erden
0%
2016 987 Bremen Der hundertste Affe
0%
2011 801 Bremen Der illegale Tod
0%
2015 952 Stuttgart Der Inder
0%
2015 929 Weimar Der irre Iwan
0%
2018 1047 Weimar Der kalte Fritte
0%
2016 995 Dresden Der König der Gosse
0%
2018 1071 Stuttgart Der Mann, der lügt
0%
2014 926 Luzern Der Maulwurf
0%
2019 1082 Saarbrücken Der Pakt
0%
2017 1031 Stuttgart Der rote Schatten
0%
2014 925 Hannover Der sanfte Tod
0%
2017 1010 Weimar Der scheidende Schupo
0%
2010 776 Ludwigshafen Der Schrei
0%
2012 856 München Der tiefe Schlaf
0%
2017 1021 München Der Tod ist unser ganzes Leben
0%
2011 817 Frankfurt am Main Der Tote im Nachtzug
0%
2016 984 Weimar Der treue Roy
0%
2018 1076 Frankfurt am Main Der Turm
0%
2012 838 Ludwigshafen Der Wald steht schwarz undschweiget
0%
2011 821 Hamburg Der Weg ins Paradies
0%
2014 916 München Der Wüstensohn
0%
2018 1043 Wien Die Faust
0%
2014 924 Hamburg Die Feigheit des Löwen
0%
2013 891 Weimar Die Fette Hoppe
0%
2019 1103 Weimar Die harte Kern
0%
2010 774 München Die Heilige
0%
2016 992 Wien Die Kunst des Krieges
0%
2017 1022 München Die Liebe, ein seltsames Spiel
0%
2018 1063 Luzern Die Musik stirbt zuletzt
0%
2018 1064 Weimar Die robuste Roswita
0%
2010 779 Stuttgart Die Unsichtbare
0%
2016 997 München Die Wahrheit
0%
2013 877 Leipzig Die Wahrheit stirbt zuerst
0%
2015 939 Bremen Die Wiederkehr
0%
2012 850 Berlin Dinge, die noch zu tun sind
0%
2016 975 Ludwigshafen Du gehörst mir
0%
2016 1003 Berlin Dunkelfeld
0%
2016 998 Bremen Echolot
0%
2013 886 Dortmund Eine andere Welt
0%
2011 800 Frankfurt am Main Eine bessere Welt
0%
2014 923 Stuttgart Eine Frage des Gewissens
0%
2013 869 Saarbrücken Eine Handvoll Paradies
0%
2015 965 München Einmal wirklich sterben
0%
2012 848 München Ein neues Leben
0%
2019 1085 Nürnberg Ein Tag wie jeder andere
0%
2013 876 Bremen Er wird töten
0%
2012 836 Frankfurt am Main Es ist böse
0%
2016 1001 Wiesbaden Es lebe der Tod
0%
2019 1101 Frankfurt am Main Falscher Hase
0%
2012 832 Wien Falsch verpackt
0%
2018 1057 Köln Familien
0%
2010 782 Köln Familienbande
0%
2016 970 Hamburg Fegefeuer
0%
2018 1061 München Freies Land
0%
2014 913 Stuttgart Freigang
0%
2016 993 Luzern Freitod
0%
2013 882 Ludwigshafen Freunde bis in den Tod
0%
2018 1077 Luzern Friss oder stirb
0%
2016 981 Freiburg im Breisgau Fünf Minuten Himmel
0%
2017 1033 Frankfurt am Main Fürchte dich
0%
2013 880 Berlin Gegen den Kopf
0%
2011 803 München Gestern war kein Tag
0%
2015 950 Wien Gier
0%
2019 1097 Wien Glück allein
0%
2017 1029 Freiburg im Breisgau Goldbach
0%
2011 798 Stuttgart Grabenkämpfe
0%
2014 899 Berlin Großer schwarzer Vogel
0%
2012 840 Luzern Hanglage mit Aussicht
0%
2017 1030 München Hardcore
0%
2010 768 Ludwigshafen Hauch des Todes
0%
2011 789 Saarbrücken Heimatfront
0%
2010 766 Leipzig Heimwärts
0%
2011 799 Münster Herrenabend
0%
2010 754 Saarbrücken Hilflos
0%
2015 955 Frankfurt am Main Hinter dem Spiegel
0%
2012 843 Bremen Hochzeitsnacht
0%
2016 973 Dortmund Hundstage
0%
2019 1104 Stuttgart Hüter der Welle
0%
2015 931 Dortmund Hydra
0%
2018 1055 Nürnberg Ich töte niemand
0%
2015 954 Luzern Ihr werdet gerichtet
0%
2011 805 Ludwigshafen Im Abseits
0%
2016 976 Stuttgart Im gelobten Land
0%
2012 855 Frankfurt am Main Im Namen des Vaters
0%
2011 795 Konstanz Im Netz der Lügen
0%
2018 1051 Bremen Im toten Winkel
0%
2019 1090 Dortmund Inferno
0%
2011 797 München Jagdzeit
0%
2013 859 Ludwigshafen Kaltblütig
0%
2015 947 Frankfurt am Main Kälter als der Tod
0%
2013 885 Erfurt Kalter Engel
0%
2014 909 Hamburg Kaltstart
0%
2012 827 Wien Kein Entkommen
0%
2016 979 Luzern Kleine Prinzen
0%
2015 958 Dortmund Kollaps
0%
2010 756 Bremen Königskinder
0%
2014 903 Hamburg Kopfgeld
0%
2017 1013 Luzern Kriegssplitter
0%
2017 1006 Frankfurt am Main Land in dieser Zeit
0%
2011 792 Hamburg Leben gegen Leben
0%
2013 878 Konstanz Letzte Tage
0%
2011 807 Wien Lohn der Arbeit
0%
2013 858 Berlin Machtlos
0%
2013 868 München Macht und Ohnmacht
0%
2011 815 Berlin Mauerpark
0%
2012 849 Dortmund Mein Revier
0%
2018 1048 Berlin Meta
0%
2018 1052 Köln Mitgehangen
0%
2018 1041 Saarbrücken Mord Ex Machina
0%
2017 1014 Bremen Nachtsicht
0%
2011 804 Leipzig Nasse Sachen
0%
2015 945 Leipzig Niedere Instinkte
0%
2019 1114 München One Way Ticket
0%
2010 767 Wien Operation Hiob
0%
2012 828 Bremen Ordnung im Lot
0%
2014 914 Bremen Paradies
0%
2015 959 Stuttgart Preis des Lebens
0%
2013 864 Bremen Puppenspieler
0%
2019 1111 Hamburg Querschläger
0%
2011 791 Leipzig Rendezvous mit dem Tod
0%
2015 948 Ludwigshafen Roomservice
0%
2013 857 Köln Scheinwelten
0%
2012 830 Stuttgart Scherbenhaufen
0%
2010 765 Bremen Schlafende Hunde
0%
2018 1060 Münster Schlangengrube
0%
2010 771 Köln Schmale Schultern
0%
2013 862 Luzern Schmutziger Donnerstag
0%
2017 1008 Wien Schock
0%
2010 783 Leipzig Schön ist anders
0%
2015 953 Luzern Schutzlos
0%
2013 866 Leipzig Schwarzer Afghane
0%
2015 946 Dortmund Schwerelos
0%
2013 889 Wiesbaden Schwindelfrei
0%
2012 839 Luzern Skalpell
0%
2017 1009 Saarbrücken Söhne und Väter
0%
2018 1058 Freiburg im Breisgau Sonnenwende
0%
2013 875 Stuttgart Spiel auf Zeit
0%
2016 974 Wien Sternschnuppe
0%
2011 790 Bremen Stille Wasser
0%
2017 1019 Dortmund Sturm
0%
2018 1066 Berlin Tiere der Großstadt
0%
2010 757 Ludwigshafen Tod auf dem Rhein
0%
2012 824 Leipzig Todesbilder
0%
2012 852 Leipzig Todesschütze
0%
2014 896 Konstanz Todesspiel
0%
2011 786 Ludwigshafen Tödliche Ermittlungen
0%
2012 822 Ludwigshafen Tödliche Häppchen
0%
2018 1067 Dortmund Tod und Spiele
0%
2018 1046 Dortmund Tollwut
0%
2012 847 Stuttgart Tote Erde
0%
2016 972 Saarbrücken Totenstille
0%
2013 871 Köln Trautes Heim
0%
2018 1072 Hamburg Treibjagt
0%
2014 893 Leipzig Türkischer Honig
0%
2010 780 München Unsterblich schön
0%
2011 787 Köln Unter Druck
0%
2018 1054 Frankfurt am Main Unter Kriegern
0%
2013 874 Wien Unvergessen
0%
2014 915 Luzern Verfolgt
0%
2010 755 Hannover Vergessene Erinnerung
0%
2012 825 Saarbrücken Verschleppt
0%
2018 1074 Ludwigshafen Vom Himmel hoch
0%
2019 1080 Wien Wahre Lügen
0%
2018 1050 Ludwigshafen Waldlust
0%
2017 1020 Wien Wehrlos
0%
2019 1079 Köln Weiter, immer weiter
0%
2016 1004 Frankfurt am Main Wendehammer
0%
2015 968 Wiesbaden Wer bin ich?
0%
2013 870 Frankfurt am Main Wer das Schweigen bricht
0%
2015 951 Bremen Wer Wind erntet, sät Sturm
0%
2014 919 Konstanz Winternebel
0%
2019 1091 Bremen Wo ist nur mein Schatz geblieben?
0%
2011 806 Luzern Wunschdenken
0%
2016 996 Dortmund Zahltag
0%
2018 1053 Mainz Zeit der Frösche
0%
2014 900 Ludwigshafen Zirkuskind
0%
2017 1032 Bremen Zurück ins Licht
0%
2017 1028 Luzern Zwei Leben
0%
2013 863 Wien Zwischen den Fronten
0%
2011 810 Münster Zwischen den Ohren
0%
2014 908 Luzern Zwischen zwei Welten
0%
Keine übereinstimmenden Quizze gefunden
Verteilung der Resultate
Anzahl Personen mit jedem Resultat
Perzentil nach korrekt beantworteten Fragen
Ihre Resultats-Entwicklung
Sie haben dieses Quiz noch nicht gespielt